| 000 | 00505nam a2200205 a 4500 | ||
|---|---|---|---|
| 999 |
_c9813 _d9813 |
||
| 001 | 9813 | ||
| 003 | BD-JhCC | ||
| 005 | 20180401173159.0 | ||
| 008 | 180401s1981 b |||| || | 000 0 eng d | ||
| 035 | _a(BD-JhCC)9813 | ||
| 040 |
_aBD-JhCC _dBD-JhCC |
||
| 041 | _aeng | ||
| 082 |
_a891.4415 _bSEL 1981 |
||
| 245 |
_aSelected Poems Al Mahmud / _cKabir Choudhury (Tr.) |
||
| 260 |
_aDacka : _bBangla Academy, _c1981. |
||
| 300 |
_a50 p. : _c22 cm. |
||
| 650 | _aPoems | ||
| 942 |
_2ddc _cBK |
||